| 000 | 00887cam a2200277 a 4500 | ||
|---|---|---|---|
| 001 | 4235066 | ||
| 003 | ARRUPE | ||
| 005 | 20170112104325.0 | ||
| 008 | 830805s1982 ru af 000 0 eng | ||
| 010 | _a 82212073 | ||
| 040 |
_aDLC _cDLC _dDLC |
||
| 043 |
_ae-urs-- _ae-ur-bw _ae-ur-ru |
||
| 050 | 0 | 0 | _aHQ792.S65S64 1982 |
| 082 | 0 | 0 |
_a305.2/3/094765 _219 |
| 100 | 1 |
_aSmith, Emma, _d1923- _928300 |
|
| 245 | 1 | 0 |
_aVillage children : _ba Soviet experience / _cEmma Smith. |
| 260 |
_aMoscow : _bProgress, _cc1982. |
||
| 300 |
_a180p.; _c21 cm. |
||
| 440 | 0 |
_aImpressions of the USSR _924985 |
|
| 650 | 0 |
_aChildren _zRussia (Federation) _zSiberia. _928301 |
|
| 650 | 0 |
_aChildren _zBelarus. _928302 |
|
| 651 | 0 |
_aSiberia (Russia) _xRural conditions. _928303 |
|
| 651 | 0 |
_aBelarus _xRural conditions. _928304 |
|
| 906 |
_a7 _bcbc _corignew _d3 _encip _f19 _gy-gencatlg |
||
| 942 |
_2lcc _cMONOGRAPH |
||
| 999 |
_c125966 _d125966 |
||